[Event "Titled Tuesday intern op 20th May Late"]
[Site "Chess.com INT"]
[Date "2025.05.20"]
[Round "1"]
[White "Weidenhoefer, Max"]
[Black "Lortkipanidze, Nodar"]
[Result "0-1"]
[WhiteElo "2171"]
[BlackElo "2359"]
[PlyCount "72"]
[EventDate "2025.05.20"]
[EventType "swiss (blitz)"]
[EventRounds "11"]
[EventCountry "USA"]
[SourceTitle "CB22_2025"]
[SourceDate "2025.05.28"]
[SourceVersion "1"]
[SourceVersionDate "2025.05.28"]
[SourceQuality "1"]

1. d4 e6 2. e4 d5 3. e5 c5 4. c3 Bd7 5. Nf3 Qb6 6. Be2 Bb5 7. 0-0 Bxe2 8. Qxe2 cxd4 9. Nxd4 Nc6 10. Nxc6 bxc6 11. Be3 Bc5 12. Bxc5 Qxc5 13. Nd2 Ne7 14. Nb3 Qb6 15. Kh1 0-0 16. f4 Rab8 17. Rad1 a5 18. Rd2 c5 19. Rf3 Rfd8 20. Rh3 a4 21. Nc1 d4 22. cxd4 cxd4 23. Nd3 Rbc8 24. Qe4 h6 25. Rf3 Qa5 26. Rff2 a3 27. b3 Qc3 28. g4 Nd5 29. f5 Ne3 30. Rde2 Qxd3 31. Qxd3 Rc1+ 32. Re1 Rxe1+ 33. Rf1 Rxf1+ 34. Qxf1 Nxf1 35. Kg2 d3 36. Kxf1 d2 0-1

[Event "Titled Tuesday intern op 06th May Early"]
[Site "Chess.com INT"]
[Date "2025.05.06"]
[Round "7"]
[White "Khodashenas, Mersad"]
[Black "Lortkipanidze, Nodar"]
[Result "0-1"]
[WhiteElo "2471"]
[BlackElo "2359"]
[PlyCount "48"]
[EventDate "2025.05.06"]
[EventType "swiss (blitz)"]
[EventRounds "11"]
[EventCountry "USA"]
[SourceTitle "CB20_2025"]
[SourceDate "2025.05.14"]
[SourceVersion "1"]
[SourceVersionDate "2025.05.14"]
[SourceQuality "1"]

1. e4 c5 2. Nf3 d6 3. d4 cxd4 4. Nxd4 Nf6 5. Nc3 g6 6. Be2 Bg7 7. 0-0 0-0 8. Bg5 Nc6 9. Nb3 Be6 10. Kh1 Rc8 11. f4 Na5 12. e5 Nxb3 13. axb3 dxe5 14. Qxd8 Rfxd8 15. fxe5 Nd5 16. Rxa7 Bxe5 17. Nxd5 Bxd5 18. Bd3 f6 19. Bc1 Bb8 20. Ra3 Kg7 21. b4 e5 22. c3 Bxg2+ 23. Kxg2 Rxd3 24. Rd1 Rxd1 0-1

[Event "Titled Tuesday intern op 01st Apr Early"]
[Site "Chess.com INT"]
[Date "2025.04.01"]
[Round "5"]
[White "Lortkipanidze, Nodar"]
[Black "Guo, Felix1"]
[Result "1-0"]
[WhiteElo "2359"]
[BlackElo "2074"]
[PlyCount "153"]
[EventDate "2025.04.01"]
[EventType "swiss (blitz)"]
[EventRounds "11"]
[EventCountry "USA"]
[SourceTitle "CB15_2025"]
[SourceDate "2025.04.09"]
[SourceVersion "1"]
[SourceVersionDate "2025.04.09"]
[SourceQuality "1"]

1. e4 e5 2. Nf3 Nf6 3. Nc3 Nc6 4. Bb5 Bd6 5. 0-0 0-0 6. Bxc6 dxc6 7. d3 Bg4 8. h3 Bh5 9. Qe2 h6 10. Nd1 Qd7 11. Ne3 Rfe8 12. a4 a5 13. b3 Nh7 14. g4 Bg6 15. Bb2 Nf8 16. Nh4 Ne6 17. Neg2 Nf4 18. Nxf4 exf4 19. Nxg6 fxg6 20. d4 c5 21. dxc5 Be5 22. Qc4+ Qf7 23. Qxf7+ Kxf7 24. Bxe5 Rxe5 25. f3 Rxc5 26. c4 Ke6 27. Rfd1 Rc6 28. Rd5 Rb6 29. Rb1 Raa6 30. Kf2 Rd6 31. Ke2 Rxd5 32. exd5+ Kd6 33. Kd3 c6 34. Kd4 cxd5 35. c5+ Kc6 36. Re1 Ra8 37. Re6+ Kc7 38. Rxg6 Re8 39. Rxg7+ Kc6 40. Rg6+ Kc7 41. Rf6 Re3 42. Rxf4 Rxb3 43. Kxd5 Rd3+ 44. Kc4 Ra3 45. Kb5 Rb3+ 46. Kxa5 Kc6 47. h4 Kxc5 48. g5 hxg5 49. hxg5 Rb1 50. g6 Re1 51. g7 Re8 52. Rf5+ Kc4 53. Kb6 Re6+ 54. Kxb7 Re7+ 55. Kb6 Rxg7 56. a5 Rg6+ 57. Kb7 Rg7+ 58. Kc6 Rg6+ 59. Kd7 Kb4 60. f4 Rg7+ 61. Ke6 Ra7 62. Re5 Ra6+ 63. Kf7 Kc4 64. f5 Kd4 65. Rb5 Ra7+ 66. Kf6 Ra6+ 67. Kg5 Kc4 68. Re5 Kd4 69. Re1 Rxa5 70. Kg6 Ra2 71. f6 Rg2+ 72. Kf7 Kd5 73. Ke7 Ra2 74. f7 Ra7+ 75. Kf6 Ra6+ 76. Kg7 Ra7 77. Kg8 1-0

[Event "Titled Tuesday intern op 01st Apr Early"]
[Site "Chess.com INT"]
[Date "2025.04.01"]
[Round "8"]
[White "Lortkipanidze, Nodar"]
[Black "Howell, David"]
[Result "0-1"]
[WhiteElo "2359"]
[BlackElo "2668"]
[PlyCount "136"]
[EventDate "2025.04.01"]
[EventType "swiss (blitz)"]
[EventRounds "11"]
[EventCountry "USA"]
[SourceTitle "CB15_2025"]
[SourceDate "2025.04.09"]
[SourceVersion "1"]
[SourceVersionDate "2025.04.09"]
[SourceQuality "1"]

1. e4 e6 2. d4 d5 3. Nc3 dxe4 4. Nxe4 Bd7 5. Nf3 Bc6 6. Bd3 Nd7 7. Bf4 Ngf6 8. Qe2 Bxe4 9. Bxe4 Nxe4 10. Qxe4 c6 11. c3 Be7 12. 0-0 0-0 13. Rfe1 a5 14. a4 Nf6 15. Qc2 Qb6 16. Ne5 Rad8 17. Bg5 Rd5 18. Re3 Qd8 19. Rh3 g6 20. Re1 Nd7 21. Bxe7 Qxe7 22. Nc4 Nf6 23. Qc1 Rfd8 24. Qh6 Qf8 25. Qxf8+ Kxf8 26. Rf3 Ke7 27. Nb6 Rf5 28. Rxf5 gxf5 29. Nc4 Ra8 30. Re3 b5 31. Ne5 Ra6 32. Rg3 Kf8 33. axb5 cxb5 34. h4 a4 35. Nd3 Nd5 36. Nc5 Ra7 37. h5 h6 38. Rd3 Nf4 39. Rd1 Ke7 40. g3 Nxh5 41. Kg2 Nf6 42. Rh1 h5 43. Ra1 Kd6 44. Kf3 Kc6 45. Kf4 Kb6 46. f3 Nd5+ 47. Ke5 Ne3 48. Rh1 Nc4+ 49. Kf6 Nxb2 50. Rxh5 a3 51. Rh1 a2 52. Ra1 Nd1 53. Rxd1 a1Q 54. Rxa1 Rxa1 55. Kxf7 Rc1 56. Nxe6 Rxc3 57. d5 Rxf3 58. d6 Rd3 59. Ke7 b4 60. d7 b3 61. Nf4 Rxd7+ 62. Kxd7 Kc5 63. Ne2 Kc4 64. Ke6 b2 65. Kxf5 b1Q+ 66. Kf4 Qd3 67. Ng1 Qd4+ 68. Kf3 Qxg1 0-1

[Event "Titled Tuesday intern op 01st Apr Early"]
[Site "Chess.com INT"]
[Date "2025.04.01"]
[Round "4"]
[White "Lortkipanidze, Nodar"]
[Black "Nepomniachtchi, Ian"]
[Result "0-1"]
[WhiteElo "2359"]
[BlackElo "2753"]
[PlyCount "60"]
[EventDate "2025.04.01"]
[EventType "swiss (blitz)"]
[EventRounds "11"]
[EventCountry "USA"]
[SourceTitle "CB15_2025"]
[SourceDate "2025.04.09"]
[SourceVersion "1"]
[SourceVersionDate "2025.04.09"]
[SourceQuality "1"]

1. e4 c5 2. c3 Nf6 3. e5 Nd5 4. d4 Nc6 5. Nf3 cxd4 6. cxd4 g6 7. Qb3 Nb6 8. h4 d6 9. h5 Be6 10. Qb5 a6 11. Qd3 dxe5 12. hxg6 fxg6 13. dxe5 Qxd3 14. Bxd3 Nb4 15. Bxg6+ hxg6 16. Rxh8 Nc2+ 17. Kd1 Nxa1 18. b3 0-0-0+ 19. Nbd2 Bf5 20. Nh4 Bc2+ 21. Ke1 Bd3 22. f3 e6 23. Rg8 Nc2+ 24. Kd1 Nd5 25. Bb2 Nde3+ 26. Kc1 Nb4 27. Ba1 Nxa2+ 28. Kb2 Nc3 29. Nxg6 Ned1+ 30. Kc1 Ba3+ 0-1

[Event "Titled Tuesday intern op 01st Apr Late"]
[Site "Chess.com INT"]
[Date "2025.04.01"]
[Round "2"]
[White "Lortkipanidze, Nodar"]
[Black "Noy, Eyal"]
[Result "1-0"]
[WhiteElo "2359"]
[BlackElo "2346"]
[PlyCount "99"]
[EventDate "2025.04.01"]
[EventType "swiss (blitz)"]
[EventRounds "11"]
[EventCountry "USA"]
[SourceTitle "CB21_2025"]
[SourceDate "2025.05.21"]
[SourceVersion "1"]
[SourceVersionDate "2025.05.21"]
[SourceQuality "1"]

1. e4 c5 2. c3 Nf6 3. e5 Nd5 4. d4 cxd4 5. Qxd4 e6 6. Nf3 Nc6 7. Qe4 f5 8. exf6 Nxf6 9. Qh4 Be7 10. Bd3 0-0 11. Bg5 h6 12. Bxh6 gxh6 13. Qg3+ Kh8 14. Qg6 Bd6 15. Qxh6+ Kg8 16. Qg6+ Kh8 17. Qh6+ Kg8 18. Qg5+ Kf7 19. Nbd2 Rg8 20. Qh4 Rh8 21. Qa4 Qa5 22. Qc2 Ne5 23. Be2 Nxf3+ 24. Nxf3 b6 25. 0-0-0 Qc5 26. h4 Bb7 27. Ng5+ Ke7 28. Kb1 Bf4 29. Nf3 Qxf2 30. Bd3 Qxc2+ 31. Bxc2 Be4 32. Bxe4 Nxe4 33. Rd4 d5 34. c4 Bd6 35. cxd5 exd5 36. Rxd5 Nf6 37. Re1+ Kd7 38. Rd3 Rad8 39. Ne5+ Kc7 40. Nf7 Rhe8 41. Rc1+ Kb7 42. Nxd6+ Ka6 43. Nxe8 Rxd3 44. Nxf6 Rg3 45. Rh1 Rxg2 46. h5 Rf2 47. h6 Rxf6 48. h7 Rf8 49. h8Q Rxh8 50. Rxh8 1-0

[Event "Titled Tuesday intern op 01st Apr Late"]
[Site "Chess.com INT"]
[Date "2025.04.01"]
[Round "3"]
[White "Nalbandyan, Vahan"]
[Black "Lortkipanidze, Nodar"]
[Result "0-1"]
[WhiteElo "2155"]
[BlackElo "2359"]
[PlyCount "184"]
[EventDate "2025.04.01"]
[EventType "swiss (blitz)"]
[EventRounds "11"]
[EventCountry "USA"]
[SourceTitle "CB21_2025"]
[SourceDate "2025.05.21"]
[SourceVersion "1"]
[SourceVersionDate "2025.05.21"]
[SourceQuality "1"]

1. e4 c5 2. Nf3 g6 3. c4 Nc6 4. d4 cxd4 5. Nxd4 Nf6 6. Nc3 d6 7. Be2 Nxd4 8. Qxd4 Bg7 9. Be3 0-0 10. Qd2 Be6 11. f3 Qa5 12. Nd5 Qxd2+ 13. Kxd2 Nxd5 14. cxd5 Bd7 15. Rac1 Rfc8 16. b3 Bb2 17. Rc2 Ba3 18. Bd4 Rxc2+ 19. Kxc2 Rc8+ 20. Kb1 f5 21. Bb2 Bc5 22. Rc1 Rf8 23. e5 g5 24. e6 Be8 25. Bd3 Bg6 26. a3 f4 27. Bxg6 hxg6 28. b4 Bb6 29. h3 Kh7 30. Kc2 Rf5 31. Rd1 Kh6 32. Kb3 Kh5 33. Bc3 Bf2 34. Rd2 Be1 35. Rd3 Bf2 36. Rd2 Bg3 37. Kc4 Kh4 38. Re2 Rf8 39. Bd4 Rc8+ 40. Kd3 a6 41. Rc2 Re8 42. Rc7 b5 43. Rc6 Be1 44. Ke2 Bg3 45. Rxa6 Rc8 46. Rc6 Ra8 47. Rc3 Bh2 48. Bf2+ Bg3 49. Bd4 Bh2 50. Kf1 Bg3 51. Bb6 Rb8 52. Ba5 Rh8 53. Rc7 Rh7 54. Rc8 g4 55. fxg4 f3 56. gxf3 Bf4 57. Bb6 Kxh3 58. Ke2 Kg2 59. Bf2 Rh3 60. Rc2 Rxf3 61. Ra2 Rb3 62. Be1 Be5 63. Bd2 Rg3 64. g5 Rg4 65. a4 Re4+ 66. Kd3 Rd4+ 67. Ke2 bxa4 68. b5 Rxd5 69. b6 Rb5 70. Be3 Kg3 71. Rxa4 d5 72. Bf2+ Kg2 73. Ra7 Bd6 74. Be3 Rb2+ 75. Kd3 Rb3+ 76. Ke2 Rb2+ 77. Kd3 Kf3 78. Bd4 Rb3+ 79. Kc2 Rb4 80. Bc3 Rxb6 81. Rd7 Rc6 82. Kb3 Ke4 83. Bf6 Kf5 84. Bxe7 Kxe6 85. Rxd6+ Rxd6 86. Bxd6 Kxd6 87. Kc3 Ke5 88. Kd3 Kf5 89. Kd4 Kxg5 90. Kxd5 Kf4 91. Kd4 g5 92. Kd3 Kf3 0-1

[Event "Titled Tuesday intern op 18th Mar Late"]
[Site "Chess.com INT"]
[Date "2025.03.18"]
[Round "3"]
[White "Gutierrez Olivares, Daniel"]
[Black "Lortkipanidze, Nodar"]
[Result "0-1"]
[WhiteElo "2354"]
[BlackElo "2359"]
[PlyCount "80"]
[EventDate "2025.03.18"]
[EventType "swiss (blitz)"]
[EventRounds "11"]
[EventCountry "USA"]
[SourceTitle "CB13_2025"]
[SourceDate "2025.03.26"]
[SourceVersion "1"]
[SourceVersionDate "2025.03.26"]
[SourceQuality "1"]

1. Nf3 Nf6 2. g3 g6 3. c4 Bg7 4. Bg2 0-0 5. 0-0 d6 6. Nc3 c5 7. a3 Nc6 8. Rb1 Bf5 9. d3 Qd7 10. Re1 Bh3 11. Bh1 h6 12. e3 Rac8 13. Ne2 g5 14. b4 b6 15. b5 Ne5 16. Nxe5 dxe5 17. Rb2 Rcd8 18. Rd2 Qf5 19. Nc3 Bg4 20. f3 Bh3 21. g4 Qg6 22. Bg2 Bxg2 23. Kxg2 h5 24. h3 e6 25. Bb2 Rd7 26. Ne4 Rfd8 27. Nxf6+ Bxf6 28. e4 Kg7 29. Rh1 Kg8 30. Qc2 Bg7 31. Bc3 f5 32. Rhd1 Rf7 33. Qb2 Qf6 34. gxf5 exf5 35. Rf2 fxe4 36. fxe4 Qe6 37. Rxf7 Qxf7 38. Bxe5 g4 39. h4 Qf3+ 40. Kg1 Qxd1+ 0-1

[Event "Titled Tuesday intern op 11th Mar Early"]
[Site "Chess.com INT"]
[Date "2025.03.11"]
[Round "7"]
[White "Lortkipanidze, Nodar"]
[Black "Guerra Tulcan, Lenin"]
[Result "1-0"]
[WhiteElo "2359"]
[BlackElo "2310"]
[PlyCount "47"]
[EventDate "2025.03.11"]
[EventType "swiss (blitz)"]
[EventRounds "11"]
[EventCountry "USA"]
[SourceTitle "CB12_2025"]
[SourceDate "2025.03.19"]
[SourceVersion "1"]
[SourceVersionDate "2025.03.19"]
[SourceQuality "1"]

1. e4 c5 2. Nf3 e6 3. d4 cxd4 4. Nxd4 Nc6 5. Nc3 Qc7 6. Be3 a6 7. Qf3 Nf6 8. 0-0-0 Be7 9. Be2 b5 10. Nxc6 dxc6 11. e5 Nd5 12. Nxd5 cxd5 13. Bd4 Bc5 14. Bxc5 Qxc5 15. h4 Bb7 16. h5 h6 17. Rh4 0-0 18. Rg4 Rfc8 19. Bd3 Kh8 20. Qxf7 Rc7 21. Qg6 Kg8 22. Qh7+ Kf8 23. Qh8+ Ke7 24. Rxg7# 1-0

[Event "Titled Tuesday intern op 11th Mar Late"]
[Site "Chess.com INT"]
[Date "2025.03.11"]
[Round "6"]
[White "Lortkipanidze, Nodar"]
[Black "Yoo, Christopher Woojin"]
[Result "0-1"]
[WhiteElo "2359"]
[BlackElo "2588"]
[PlyCount "62"]
[EventDate "2025.03.11"]
[EventType "swiss (blitz)"]
[EventRounds "11"]
[EventCountry "USA"]
[SourceTitle "CB12_2025"]
[SourceDate "2025.03.19"]
[SourceVersion "1"]
[SourceVersionDate "2025.03.19"]
[SourceQuality "1"]

1. e4 c5 2. c3 Nf6 3. e5 Nd5 4. d4 cxd4 5. Qxd4 e6 6. Nf3 Nc6 7. Qe4 f5 8. exf6 Nxf6 9. Qh4 Be7 10. Bd3 d5 11. Bg6+ Kf8 12. 0-0 Bd7 13. Re1 Qb6 14. Bc2 Kg8 15. Qg3 Rf8 16. Nbd2 e5 17. Nb3 Nh5 18. Be3 Qc7 19. Bxh7+ Kxh7 20. Ng5+ Kg8 21. Qh4 Nf4 22. Qg3 Rf5 23. h4 Rxh4 24. Qxh4 Rxg5 25. Kf1 Rh5 26. Qxh5 Nxh5 27. Rad1 Be6 28. g3 Qd7 29. Kg1 Bg4 30. Rd2 Bf3 31. Kh2 Nf6 0-1

[Event "Titled Tuesday intern op 11th Mar Late"]
[Site "Chess.com INT"]
[Date "2025.03.11"]
[Round "4"]
[White "Pajcin, Lav"]
[Black "Lortkipanidze, Nodar"]
[Result "0-1"]
[WhiteElo "2243"]
[BlackElo "2359"]
[PlyCount "80"]
[EventDate "2025.03.11"]
[EventType "swiss (blitz)"]
[EventRounds "11"]
[EventCountry "USA"]
[SourceTitle "CB12_2025"]
[SourceDate "2025.03.19"]
[SourceVersion "1"]
[SourceVersionDate "2025.03.19"]
[SourceQuality "1"]

1. d4 e6 2. c4 b6 3. Nf3 Bb7 4. g3 f5 5. Bg2 Nf6 6. 0-0 a5 7. Nc3 Bb4 8. Bd2 0-0 9. Qc2 Bxc3 10. Bxc3 Be4 11. Qd2 d6 12. Rac1 Nbd7 13. Rfd1 Qe7 14. Bf1 Bb7 15. Qe1 Ne4 16. b3 Qf7 17. Bb2 Qh5 18. Nd2 Nxd2 19. Rxd2 Nf6 20. f3 g5 21. d5 e5 22. Bg2 Bc8 23. e3 Bd7 24. Qe2 Rae8 25. Rf1 f4 26. g4 Qg6 27. e4 h5 28. h3 Re7 29. Kf2 Rh7 30. Rdd1 Kf7 31. Rh1 Rfh8 32. Rdg1 hxg4 33. hxg4 Rh2 34. Rxh2 Rxh2 35. Rh1 Qh6 36. Qf1 Bxg4 37. Rxh2 Qxh2 38. fxg4 Nxg4+ 39. Ke1 Ne3 40. Qh1 Nxg2+ 0-1

[Event "Titled Tuesday intern op 11th Mar Early"]
[Site "Chess.com INT"]
[Date "2025.03.11"]
[Round "4"]
[White "Pauly, Carlo"]
[Black "Lortkipanidze, Nodar"]
[Result "1-0"]
[WhiteElo "2275"]
[BlackElo "2359"]
[PlyCount "57"]
[EventDate "2025.03.11"]
[EventType "swiss (blitz)"]
[EventRounds "11"]
[EventCountry "USA"]
[SourceTitle "CB12_2025"]
[SourceDate "2025.03.19"]
[SourceVersion "1"]
[SourceVersionDate "2025.03.19"]
[SourceQuality "1"]

1. d4 e6 2. c4 b6 3. a3 Bb7 4. Nc3 f5 5. d5 Nf6 6. Nf3 Na6 7. g3 Nc5 8. Bg2 Nce4 9. Ng5 exd5 10. Nxd5 Bxd5 11. cxd5 Bc5 12. Nxe4 Nxe4 13. e3 Qe7 14. 0-0 a5 15. b3 0-0 16. Qc2 Rae8 17. b4 axb4 18. axb4 Bd6 19. Bb2 Qg5 20. Bd4 h5 21. f3 Nxg3 22. f4 Qg4 23. hxg3 Qxg3 24. Rf3 Qg6 25. Kf2 Kf7 26. Bh3 Ke7 27. Rg1 Qh6 28. Rxg7+ Kd8 29. Qa4 1-0

[Event "Titled Tuesday intern op 11th Mar Early"]
[Site "Chess.com INT"]
[Date "2025.03.11"]
[Round "8"]
[White "Souleidis, Georgios"]
[Black "Lortkipanidze, Nodar"]
[Result "0-1"]
[WhiteElo "2418"]
[BlackElo "2359"]
[PlyCount "66"]
[EventDate "2025.03.11"]
[EventType "swiss (blitz)"]
[EventRounds "11"]
[EventCountry "USA"]
[SourceTitle "CB12_2025"]
[SourceDate "2025.03.19"]
[SourceVersion "1"]
[SourceVersionDate "2025.03.19"]
[SourceQuality "1"]

1. e4 d5 2. exd5 Qxd5 3. Nc3 Qe5+ 4. Be2 c6 5. d4 Qc7 6. Nf3 Nf6 7. g3 e6 8. Bf4 Bd6 9. Bxd6 Qxd6 10. Qd2 Nbd7 11. 0-0-0 0-0 12. Rhe1 b5 13. Bd3 Bb7 14. Ne4 Nxe4 15. Bxe4 Nf6 16. Bd3 a6 17. Kb1 c5 18. dxc5 Qxc5 19. Ne5 Rfd8 20. Qe2 Rd4 21. c3 Rd5 22. f4 Rad8 23. Bc2 g6 24. a3 Kg7 25. Bb3 Rxd1+ 26. Rxd1 Rxd1+ 27. Qxd1 Qf2 28. Qd6 Be4+ 29. Ka2 Nd5 30. Bxd5 Bxd5+ 31. Kb1 Qe1+ 32. Kc2 Qe2+ 33. Kc1 Bb3 0-1

[Event "Titled Tuesday intern op 11th Mar Early"]
[Site "Chess.com INT"]
[Date "2025.03.11"]
[Round "6"]
[White "Williams, Oscar"]
[Black "Lortkipanidze, Nodar"]
[Result "0-1"]
[WhiteElo "2066"]
[BlackElo "2359"]
[PlyCount "86"]
[EventDate "2025.03.11"]
[EventType "swiss (blitz)"]
[EventRounds "11"]
[EventCountry "USA"]
[SourceTitle "CB12_2025"]
[SourceDate "2025.03.19"]
[SourceVersion "1"]
[SourceVersionDate "2025.03.19"]
[SourceQuality "1"]

1. e4 e5 2. Nf3 Nf6 3. d4 Nxe4 4. dxe5 d5 5. Nbd2 Nc5 6. Nb3 Ne6 7. c4 Bb4+ 8. Bd2 Bxd2+ 9. Qxd2 dxc4 10. Qxd8+ Nxd8 11. Bxc4 Be6 12. Bxe6 Nxe6 13. 0-0 Nc6 14. Rfd1 Ke7 15. Rac1 Rhd8 16. Kf1 a5 17. g3 a4 18. Nbd2 Nb4 19. a3 Nd3 20. Rc2 g5 21. Nc4 g4 22. Ne1 Nxe1 23. Rxe1 Nd4 24. Rcc1 Nf3 25. Red1 Rxd1+ 26. Rxd1 Nxh2+ 27. Ke2 Nf3 28. Rh1 b5 29. Ne3 Nxe5 30. Rxh7 Rd8 31. Rh4 Rg8 32. Rh5 Ke6 33. Nd5 c6 34. Nf4+ Kd6 35. Rh6+ Kd7 36. Ke3 Nc4+ 37. Kd4 Nxb2 38. Rh7 Ke7 39. Kc5 Rg5+ 40. Kxc6 Nc4 41. Nd5+ Kf8 42. Rh8+ Kg7 43. Ra8 Rxd5 0-1

[Event "Titled Tuesday intern op 04th Mar Early"]
[Site "Chess.com INT"]
[Date "2025.03.04"]
[Round "4"]
[White "Howell, David"]
[Black "Lortkipanidze, Nodar"]
[Result "1-0"]
[WhiteElo "2668"]
[BlackElo "2359"]
[PlyCount "151"]
[EventDate "2025.03.04"]
[EventType "swiss (blitz)"]
[EventRounds "11"]
[EventCountry "USA"]
[SourceTitle "CB11_2025"]
[SourceDate "2025.03.12"]
[SourceVersion "1"]
[SourceVersionDate "2025.03.12"]
[SourceQuality "1"]

1. d4 e6 2. Nf3 f5 3. c3 b6 4. Bg5 Be7 5. Bxe7 Qxe7 6. Nbd2 Bb7 7. a4 a6 8. Qb3 Nf6 9. a5 b5 10. c4 Nc6 11. e3 b4 12. Bd3 0-0 13. 0-0 Rab8 14. Qc2 Qf7 15. Rfe1 Qh5 16. Be2 Qg6 17. Bf1 Ne4 18. d5 Nxd2 19. Qxd2 exd5 20. cxd5 Ne7 21. Bc4 Qd6 22. Rad1 Rf6 23. Qd4 Rbf8 24. Bb3 Kh8 25. Ne5 Ng6 26. Nd3 Qe7 27. Qxb4 Qxb4 28. Nxb4 Ne5 29. f4 Ng4 30. h3 Nh6 31. Bc4 Re8 32. Kf2 Nf7 33. Bd3 g6 34. Rc1 c6 35. dxc6 dxc6 36. Rc5 Rd8 37. Bxa6 Ba8 38. Rc2 Nd6 39. Bd3 Rb8 40. Na6 Rb3 41. Nc5 Rb4 42. Rd1 Kg7 43. Ke2 Bb7 44. a6 Ba8 45. Ra1 Rf7 46. Ra4 Rb6 47. Rd4 Nb5 48. Bxb5 cxb5 49. g4 Re7 50. g5 b4 51. Rcd2 Rc6 52. Rd5 Rb6 53. Rd7 Kf7 54. Rd8 Bc6 55. R2d6 Bb5+ 56. Kf2 Rxd6 57. Rxd6 Rc7 58. Rd5 Bc6 59. Re5 Bb5 60. Ke1 Bc4 61. b3 Bb5 62. Kd2 Bf1 63. e4 fxe4 64. Ke3 Bxh3 65. Kxe4 Bg2+ 66. Kd4 Bh1 67. Kc4 Bc6 68. Kxb4 Bf3 69. Ka5 h5 70. gxh6 Kf6 71. b4 Rh7 72. b5 Rxh6 73. b6 Rh1 74. b7 Ra1+ 75. Kb6 Rb1+ 76. Ka7 1-0

[Event "Titled Tuesday intern op 04th Mar Early"]
[Site "Chess.com INT"]
[Date "2025.03.04"]
[Round "8"]
[White "Lortkipanidze, Nodar"]
[Black "Germanovs, Georgijs"]
[Result "0-1"]
[WhiteElo "2359"]
[BlackElo "2255"]
[PlyCount "96"]
[EventDate "2025.03.04"]
[EventType "swiss (blitz)"]
[EventRounds "11"]
[EventCountry "USA"]
[SourceTitle "CB11_2025"]
[SourceDate "2025.03.12"]
[SourceVersion "1"]
[SourceVersionDate "2025.03.12"]
[SourceQuality "1"]

1. e4 e6 2. d4 d5 3. Nc3 Nf6 4. Bg5 Bb4 5. e5 h6 6. exf6 hxg5 7. fxg7 Rg8 8. h4 gxh4 9. Qg4 Qf6 10. Qxh4 Qxg7 11. Nf3 c5 12. Rh3 Nc6 13. Rg3 Qf8 14. Rxg8 Qxg8 15. 0-0-0 Bxc3 16. bxc3 c4 17. Be2 Qf8 18. Rh1 Kd7 19. Qf4 Qg7 20. Ng5 Nd8 21. Rh7 Qg8 22. Bh5 Kc6 23. Bxf7 Nxf7 24. Rxf7 Bd7 25. Nxe6 Qb8 26. Qh6 Qd6 27. Rf6 Qa3+ 28. Kd2 Bxe6 29. Rxe6+ Kb5 30. Qg7 b6 31. Qd7+ Ka6 32. Qxd5 Rc8 33. g4 Qf8 34. Kc1 Qa3+ 35. Kb1 Qxc3 36. Re3 Qb4+ 37. Kc1 c3 38. Qb3 Qxd4 39. Qa3+ Kb5 40. Qb3+ Ka6 41. Rd3 Qxg4 42. a4 Qg1+ 43. Rd1 Qg5+ 44. Kb1 Qc5 45. f4 Qc4 46. Ka2 Rc5 47. Rd2 Qxb3+ 48. Kxb3 cxd2 0-1

[Event "Titled Tuesday intern op 25th Feb Early"]
[Site "Chess.com INT"]
[Date "2025.02.25"]
[Round "3"]
[White "Lortkipanidze, Nodar"]
[Black "Vasynda, Oleksandr"]
[Result "1-0"]
[WhiteElo "2359"]
[BlackElo "2209"]
[PlyCount "69"]
[EventDate "2025.02.25"]
[EventType "swiss (blitz)"]
[EventRounds "11"]
[EventCountry "USA"]
[SourceTitle "CB10_2025"]
[SourceDate "2025.03.05"]
[SourceVersion "1"]
[SourceVersionDate "2025.03.05"]
[SourceQuality "1"]

1. e4 c5 2. c3 Nf6 3. e5 Nd5 4. d4 cxd4 5. Qxd4 e6 6. Nf3 Nc6 7. Qe4 d6 8. c4 Nb6 9. exd6 Bxd6 10. Nc3 h6 11. Be3 Bb4 12. Rd1 Qf6 13. Bd2 0-0 14. a3 Be7 15. Bd3 Qf5 16. Qxf5 exf5 17. b4 Bf6 18. 0-0 Ne5 19. Nxe5 Bxe5 20. c5 Nd7 21. Bxf5 Nf6 22. Bxc8 Rfxc8 23. Rfe1 Re8 24. Nb5 Rad8 25. Bc3 Rxd1 26. Rxd1 a6 27. Bxe5 Rxe5 28. Nd6 Re2 29. Nxb7 Ra2 30. c6 Rc2 31. Nc5 Ne8 32. g3 a5 33. Rd8 axb4 34. Rxe8+ Kh7 35. axb4 1-0